000 00441nam a2200181Ia 4500
008 240925s9999 xx 000 0 und d
020 _a9781472915399
082 _a658.3008 MID
100 _aMiddleton, Julia
245 0 _aCultural Intelligence
250 _aNA
260 _aLondon:
_bBlooms Bury
_c,2014.
300 _a403p.
_b0
_fOriginal
500 _aIncludes Index
600 _aManagement
650 _aManagement
942 _cBK
999 _c17100
_d17100